|
|
|
|
| LEADER |
00820nam a2200229 a 4500 |
| 001 |
c000339966 |
| 003 |
CARM |
| 005 |
00000000000000.0 |
| 008 |
840723s1979 enk f00010 eng d |
| 019 |
1 |
|
|a 2410668
|5 LACONCORD2021
|
| 035 |
|
|
|a (OCoLC)35355961
|5 LACONCORD2021
|
| 040 |
|
|
|a NUN
|c NUN
|
| 082 |
1 |
|
|a 652
|2 19
|
| 100 |
1 |
|
|a Scanlon, J. P.
|
| 245 |
1 |
0 |
|a Choosing word processing systems /
|c J.P. Scanlon.
|
| 260 |
|
|
|a Harwell (Oxfordshire) :
|b United Kingdom Atomic Energy Authority,
|c 1979.
|
| 300 |
|
|
|a 46 p. ;
|c 29 cm.
|
| 500 |
|
|
|a "AERE-R 9508"
|
| 650 |
|
0 |
|a Word processing.
|
| 852 |
8 |
|
|b CARM
|h A1:AN19E0
|i F02708
|p 0420575
|f BK
|
| 999 |
f |
f |
|i 7f09edf4-3a29-5ea7-b6bf-90448b046886
|s 671db0c9-167e-51fd-a62e-a110ce687fc8
|
| 952 |
f |
f |
|p Can circulate
|a CAVAL
|b CAVAL
|c CAVAL
|d CARM 1 Store
|e F02708
|f A1:AN19E0
|h Other scheme
|i book
|m 0420575
|